Fundamentals of Franchising

Detalles Bibliográficos
Autor principal: Barkoff, Rupert M.
Otros Autores: Fittante, Joseph J., Gardner, Ronald K., Jr, Selden, Andrew C.
Formato: eBook
Lenguaje:inglés
Publicado: Chicago: American Bar Association, 2015
Edición:Cuarta Edicin̤
Materias:
Acceso en línea:Acceso restringido

MARC

LEADER 00000nam a22000007a 4500
005 2021022608158.0
007 cr|||| ||||
008 210226s2015 us |||||s|||| 00||0 eng d
020 |a 978-1-63425-282-9 
035 |a 33068 
040 |a vLex 
090 |c 11309  |d 11309 
100 1 |a Barkoff, Rupert M. 
245 1 0 |a Fundamentals of Franchising  |h [Recurso electrn̤ico] /  |c Rupert M. Barkoff, Joseph J. Fittante, Ronald K. Jr. Gardner, Andrew C. Selden 
250 |a Cuarta Edicin̤ 
256 |a Servicio en ln̕ea 
260 |a Chicago:  |b American Bar Association,  |c 2015 
300 |a 1 recurso electrn̤ico 
506 1 |a Disponible solo en los productos indicados  |d vLex Global  |d vLex Global (Academic Edition, excluding Law Schools)  |d vLex Global (Academic Edition, Law Schools) 
650 0 4 |a Derecho Mercantil y de la Empresa  |z Estados Unidos 
700 1 |a Fittante, Joseph J. 
700 1 |a Gardner, Ronald K., Jr. 
700 1 |a Selden, Andrew C. 
740 0 |a vLex Libros (Servicio en ln̕ea) 
856 4 0 |u http://vlex.com/source/fundamentals-franchising-fourth-edition-33068  |z Acceso restringido 
942 |c BOOK 
999 0 |a Commercial and Company Law